| 000 | 01276nam a2200349 a 4500 | ||
|---|---|---|---|
| 001 | ebr10369667 | ||
| 003 | CaPaEBR | ||
| 006 | m u | ||
| 007 | cr cn||||||||| | ||
| 008 | 990617s1999 enk sb 001 0 eng d | ||
| 010 | _z 99071366 | ||
| 020 | _z076195841X | ||
| 020 | _z0761958428 (pbk.) | ||
| 020 | _z9780761958413 | ||
| 020 | _z9780857022073 (e-book) | ||
| 040 |
_aCaPaEBR _cCaPaEBR |
||
| 035 | _a(OCoLC)593240016 | ||
| 050 | 1 | 4 |
_aHD38 _b.W3744 1999eb |
| 082 | 0 | 4 |
_a658 _221 |
| 100 | 1 | _aWatson, Tony J. | |
| 245 | 1 | 4 |
_aThe emergent manager _h[electronic resource] / _cTony Watson and Pauline Harris. |
| 260 |
_aLondon ; _aThousand Oaks, [Calif.] : _bSage Publications, _c1999. |
||
| 300 | _aviii, 254 p. | ||
| 504 | _aIncludes bibliographical references and indexes. | ||
| 533 |
_aElectronic reproduction. _bPalo Alto, Calif. : _cebrary, _d2013. _nAvailable via World Wide Web. _nAccess may be limited to ebrary affiliated libraries. |
||
| 650 | 0 | _aManagement. | |
| 650 | 0 | _aOrganizational effectiveness. | |
| 655 | 7 |
_aElectronic books. _2local |
|
| 700 | 1 | _aHarris, Pauline. | |
| 710 | 2 | _aebrary, Inc. | |
| 856 | 4 | 0 |
_uhttp://site.ebrary.com/lib/rucke/Doc?id=10369667 _zAn electronic book accessible through the World Wide Web; click to view |
| 999 |
_c109548 _d109548 |
||